Utopía
I tiakina i:
| Kaituhi matua: | |
|---|---|
| Hōputu: | Pukapuka |
| Reo: | Pāniora |
| I whakaputaina: |
Madrid
Jorge A. Mestas, Ediciones Escolares S. L
2009
|
| Putanga: | 3a. ed |
| Rangatū: | Biblioteca de Filosofía, 13
|
| Ngā marau: | |
| Ngā Tūtohu: |
Tāpirihia he Tūtohu
Kāore He Tūtohu, Me noho koe te mea tuatahi ki te tūtohu i tēnei pūkete!
|
MARC
| LEADER | 00000cam a2200000 a 4500 | ||
|---|---|---|---|
| 001 | UCF7734 | ||
| 003 | CL-VaPUC | ||
| 008 | 130704e20090800SP |||||||||||||||||spa|d | ||
| 020 | |a 9788495994394 | ||
| 082 | 0 | 4 | |a 320 |b MOR |2 21 |
| 100 | |a Moro, Tomás |e autor |q More, Thomas |9 868789 | ||
| 245 | 1 | 0 | |a Utopía |
| 250 | |a 3a. ed | ||
| 300 | |a 155 p | ||
| 942 | |c BK | ||
| 945 | |d 20130704 00:00:00 |a dcastane | ||
| 260 | |a Madrid |b Jorge A. Mestas, Ediciones Escolares S. L |c 2009 | ||
| 650 | 0 | |a Ciencias Políticas |9 255201 | |
| 650 | 0 | |a Utopía |9 267298 | |
| 650 | 0 | |a Totalitarismo |9 255261 | |
| 650 | 0 | |a Doctrinas políticas |9 255835 | |
| 583 | |a last modification |c 20130704 11:43:00 |k Rodrigo Vera | ||
| 490 | 0 | |a Biblioteca de Filosofía, 13 | |
| 999 | |c 352529 |d 352527 | ||
| 952 | |0 0 |1 0 |4 0 |6 320_000000000000000_MOR_2009 |7 0 |8 A |9 457084 |a BIBING |b BIBING |d 2019-11-22 |i 4982967 |o 320 MOR 2009 |p 4982967 |r 2025-01-20 |w 2019-11-22 |y BK |k CUI | ||
| 952 | |0 0 |1 0 |4 0 |6 320_000000000000000_MOR_2009 |7 0 |8 C |9 457085 |a BIBCUR |b BIBCUR |d 2019-11-22 |i 4983076 |o 320 MOR 2009 |p 4983076 |r 2025-04-22 |w 2019-11-22 |y BK |k CAC | ||